00991nam a2200265Ia 450000500170000000800410001702000190005810000350007724501590011225000190027130000430029049000310033353400240036458600420038865000380043065000430046870000220051170000320053326400260056533600270059133700330061833800280065104000350067908400110071420220317000945.0160825s2007 ck a g 000 0 spa  a978958042380121 aNöstlinger, Christinad1936-10aUn marido para mamácChristine Nöstlinger ; traducido por Felipe Lanchas González y Martha Antonieta Nalus Fuentes ; ilustrado por Neftalí Vanegas a1a. edición  a192 páginas bilustraciones c21 cm  aTorre de papel pamarilla  tEin Mann für Mama aPremio Hans Christian Andersen, 1984 142LEMBaNovela austriaca ySiglo XX142LEMB aLiteratura austriaca ySiglo XX1 aVanegas, Neftali 1 aLanchas González, Felipe  aBogotábNormac2007 atextobtxt2rdacontent asin mediaciónbn2rdamedia avolumenbnc2rdacarrier aCO-BoRNBPbspaerdacCO-BoRNBP aN NOS1